Southville International School and Colleges
Your cart is empty.
  • Cart
  • Lists
    Public lists Eva Luna New books Lux_list list_1
    Your lists Log in to create your own lists
  • Log in to your account
  • Your cookies
  • Search history
Southville International School and Colleges
  • Advanced search
  • Recent comments
  • Most popular
  • Libraries

Log in to your account

Log in with GOOGLE


If you do not have an external account, but do have a local account, you can still log in:

  1. Home
  2. MARC view: Longman advanced American dictionary.
Normal view MARC view ISBD view

Longman advanced American dictionary. (Record no. 604)

[ view plain ]
MARC details
000 -LEADER
fixed length control field 01249cam a2200385 a 4500
001 - CONTROL NUMBER
control field 14117381
003 - CONTROL NUMBER IDENTIFIER
control field OSt
005 - DATE AND TIME OF LATEST TRANSACTION
control field 20140310181634.0
008 - FIXED-LENGTH DATA ELEMENTS--GENERAL INFORMATION
fixed length control field 050922s2000 enkab d 000 0 eng
010 ## - LIBRARY OF CONGRESS CONTROL NUMBER
LC control number 2005299986
015 ## - NATIONAL BIBLIOGRAPHY NUMBER
National bibliography number GBA0-70604
020 ## - INTERNATIONAL STANDARD BOOK NUMBER
International Standard Book Number 0582317290
020 ## - INTERNATIONAL STANDARD BOOK NUMBER
International Standard Book Number 0582317320 (pbk.)
020 ## - INTERNATIONAL STANDARD BOOK NUMBER
International Standard Book Number 0582317312 (flexicover)
035 ## - SYSTEM CONTROL NUMBER
System control number (OCoLC)ocm45350954
040 ## - CATALOGING SOURCE
Original cataloging agency UKM
Transcribing agency UKM
Modifying agency IWA
-- NGU
-- OCLCQ
-- DLC
042 ## - AUTHENTICATION CODE
Authentication code lccopycat
043 ## - GEOGRAPHIC AREA CODE
Geographic area code n-us---
050 00 - LIBRARY OF CONGRESS CALL NUMBER
Classification number PE 1628
Item number .L856 2000
082 00 - DEWEY DECIMAL CLASSIFICATION NUMBER
Classification number REF 423
Item number L85 2000
245 00 - TITLE STATEMENT
Title Longman advanced American dictionary.
246 30 - VARYING FORM OF TITLE
Title proper/short title Advanced American dictionary
260 ## - PUBLICATION, DISTRIBUTION, ETC. (IMPRINT)
Place of publication, distribution, etc Harlow :
Name of publisher, distributor, etc Longman,
Date of publication, distribution, etc 2000.
300 ## - PHYSICAL DESCRIPTION
Extent xxiii, 1746 p. :
Other physical details ill. (some col.), col. maps ;
Dimensions 24 cm.
521 ## - TARGET AUDIENCE NOTE
Target audience note
526 ## - STUDY PROGRAM INFORMATION NOTE
Reading level 1080L to 1700L
541 ## - IMMEDIATE SOURCE OF ACQUISITION NOTE
-- 1
562 ## - COPY AND VERSION IDENTIFICATION NOTE
Number of copies Inside reading. One copy available in the collection.
650 #0 - SUBJECT ADDED ENTRY--TOPICAL TERM
Topical term or geographic name as entry element English language
Geographic subdivision United States
Form subdivision Dictionaries.
650 #0 - SUBJECT ADDED ENTRY--TOPICAL TERM
Topical term or geographic name as entry element Americanisms
Form subdivision Dictionaries.
710 2# - ADDED ENTRY--CORPORATE NAME
Corporate name or jurisdiction name as entry element Longman (Firm)
906 ## - LOCAL DATA ELEMENT F, LDF (RLIN)
a 7
b cbc
c copycat
d 2
e ncip
f 20
g y-gencatlg
942 ## - ADDED ENTRY ELEMENTS (KOHA)
Source of classification or shelving scheme Library of Congress Classification
Koha item type
Call number prefix
Holdings
Withdrawn status Lost status Source of classification or shelving scheme Damaged status Home library Current library Shelving location Date acquired Total Checkouts Full call number Barcode Date last seen Copy number Price effective from Koha item type
    Library of Congress Classification   Luxembourg Library Luxembourg Library Reference Section 03/15/2012   PE 1628 .L856 2000 18919 08/12/2016 1 10/03/2013 Books

Longman advanced American dictionary.

APA

Longman (Firm), . (2000). Longman advanced American dictionary. Harlow: Longman.

Chicago

Longman (Firm), . 2000. Longman advanced American dictionary. Harlow: Longman.

Harvard

Longman (Firm), . (2000). Longman advanced American dictionary. Harlow: Longman.

MLA

Longman (Firm), . Longman advanced American dictionary. Harlow: Longman. 2000.

  • Print
  • Cite
  • Add to your cart (remove)
  • Save record
    BIBTEX Dublin Core MARCXML MARC (non-Unicode/MARC-8) MARC (Unicode/UTF-8) MARC (Unicode/UTF-8, Standard) MODS (XML) RIS
  • More searches
    Search for this title in:
    Other Libraries (WorldCat) Other Databases (Google Scholar) Online Stores (Bookfinder.com) Open Library (openlibrary.org)

Exporting to Dublin Core...

SOUTHVILLE LIBRARY

Southville International School and Colleges Library

1281 Tropical Ave. Cor. Luxembourg St., BF Homes International, Las Pinas City

Tel. No. 8256374 / 252358 Loc. 117/146

Powered by Koha